[Event "1st Online FIDE Cup for disabled players"]
[Site "T#646224FIDE"]
[Date "2020.05.21"]
[Round "2"]
[White "Dariya2504"]
[Black "Annegret_Mucha"]
[Result "0-1"]
[WhiteElo "1620"]
[BlackElo "1620"]
[Annotator "NA"]
[PlyCount "102"]
[EventDate "2020.05.21"]
[EventType "swiss (blitz)"]

1. c4 {[%emt 0:00:08]} Nf6 {[%emt 0:00:11]} 2. Nc3 {[%emt 0:00:04]} e6 {[%emt 0:00:27]} 3. Nf3 {[%emt 0:00:07]} b6 {[%emt 0:00:05]} 4. g3 {[%emt 0:00:03]} Bb7 {[%emt 0:00:02]} 5. Bg2 {[%emt 0:00:03]} Be7 {[%emt 0:00:02]} 6. O-O {[%emt 0:00:05]} O-O {[%emt 0:00:02]} 7. d3 {[%emt 0:00:07]} d5 {[%emt 0:00:07]} 8. cxd5 {[%emt 0:00:09]} exd5 {[%emt 0:00:08]} 9. a3 {[%emt 0:00:07]} c5 {[%emt 0:00:08]} 10. Re1 {[%emt 0:00:39]} d4 {[%emt 0:00:15]} 11. Na2 {[%emt 0:01:14]} Nc6 {[%emt 0:00:35]} 12. Bf4 {[%emt 0:00:31]} Bd6 {[%emt 0:00:14]} 13. Bxd6 {[%emt 0:00:14]} Qxd6 {[%emt 0:00:05]} 14. Rb1 {[%emt 0:00:42]} Rac8 {[%emt 0:01:06]} 15. b4 {[%emt 0:00:20]} cxb4 {[%emt 0:00:12]} 16. Nxb4 {[%emt 0:00:06]} a5 {[%emt 0:00:46]} 17. Nxc6 {[%emt 0:00:20]} Rxc6 {[%emt 0:00:11]} 18. Nxd4 {[%emt 0:00:48]} Qxd4 {[%emt 0:00:06]} 19. Bxc6 {[%emt 0:00:09]} Bxc6 {[%emt 0:00:02]} 20. e3 {[%emt 0:00:36]} Qd5 {[%emt 0:00:22]} 21. e4 {[%emt 0:00:27]} Qd4 {[%emt 0:00:05]} 22. Qf3 {[%emt 0:00:25]} Rd8 {[%emt 0:00:23]} 23. Red1 {[%emt 0:00:31]} Ba4 {[%emt 0:00:25]} 24. Rd2 {[%emt 0:00:16]} Qc3 {[%emt 0:00:29]} 25. Qe3 {[%emt 0:00:27]} b5 {[%emt 0:00:09]} 26. Qb6 {[%emt 0:01:20]} Re8 {[%emt 0:00:19]} 27. Rbb2 {[%emt 0:01:15]} Qxa3 {[%emt 0:00:20]} 28. Qxa5 {[%emt 0:00:06]} Qd6 {[%emt 0:00:56]} 29. Qc3 {[%emt 0:00:40]} h6 {[%emt 0:00:16]} 30. Re2 {[%emt 0:00:17]} Qd7 {[%emt 0:00:37]} 31. Kf1 {[%emt 0:00:07]} Rc8 {[%emt 0:00:10]} 32. Qa3 {[%emt 0:00:10]} Qh3+ {[%emt 0:00:31]} 33. Ke1 {[%emt 0:00:07]} Qxh2 {[%emt 0:00:16]} 34. Rbc2 {[%emt 0:00:03]} Qg1+ {[%emt 0:00:11]} 35. Kd2 {[%emt 0:00:02]} Rxc2+ {[%emt 0:00:02]} 36. Ke3 {[%emt 0:00:07]} Rxe2+ {[%emt 0:00:08]} 37. Kxe2 {[%emt 0:00:02]} Qd1+ {[%emt 0:00:05]} 38. Ke3 {[%emt 0:00:03]} Ng4+ {[%emt 0:00:14]} 39. Kd4 {[%emt 0:00:04]} Nxf2 {[%emt 0:00:08]} 40. Qc5 {[%emt 0:00:14]} Qxd3+ {[%emt 0:00:04]} 41. Ke5 {[%emt 0:00:05]} Qxe4+ {[%emt 0:00:09]} 42. Kd6 {[%emt 0:00:03]} Qe6+ {[%emt 0:00:25]} 43. Kc7 {[%emt 0:00:04]} Ne4 {[%emt 0:00:03]} 44. Qc6 {[%emt 0:00:12]} Qxc6+ {[%emt 0:00:09]} 45. Kxc6 {[%emt 0:00:03]} b4+ {[%emt 0:00:02]} 46. Kd5 {[%emt 0:00:10]} b3 {[%emt 0:00:04]} 47. Kxe4 {[%emt 0:00:05]} b2 {[%emt 0:00:01]} 48. Kd3 {[%emt 0:00:02]} b1=Q+ {[%emt 0:00:02]} 49. Kc3 {[%emt 0:00:01]} Qb3+ {[%emt 0:00:03]} 50. Kd4 {[%emt 0:00:01]} Bc6 {[%emt 0:00:04]} 51. Kc5 {[%emt 0:00:03]} Qd5+ {[%emt 0:00:03] TimeW} 0-1

[Event "1st Online FIDE Cup for disabled players"]
[Site "T#646224FIDE"]
[Date "2020.05.21"]
[Round "2"]
[White "Denis Palin"]
[Black "Sahinhandenur"]
[Result "1-0"]
[WhiteElo "1620"]
[BlackElo "1620"]
[Annotator "NA RC"]
[PlyCount "85"]
[EventDate "2020.05.21"]
[EventType "swiss (blitz)"]

1. c4 {[%emt 0:00:07]} e5 {[%emt 0:00:02]} 2. Nc3 {[%emt 0:00:02]} Bb4 {[%emt 0:00:04]} 3. Nd5 {[%emt 0:00:19]} Bc5 {[%emt 0:00:05]} 4. e3 {[%emt 0:00:01]} Nf6 {[%emt 0:00:20]} 5. Ne2 {[%emt 0:00:18]} O-O {[%emt 0:00:58]} 6. g3 {[%emt 0:00:04]} Nxd5 {[%emt 0:00:06]} 7. cxd5 {[%emt 0:00:02]} d6 {[%emt 0:00:03]} 8. Bg2 {[%emt 0:00:01]} Nd7 {[%emt 0:00:26]} 9. O-O {[%emt 0:00:02]} Qe7 {[%emt 0:00:09]} 10. d4 {[%emt 0:00:02]} Bb6 {[%emt 0:00:04]} 11. e4 {[%emt 0:00:37]} c5 {[%emt 0:01:49]} 12. dxc6 {[%emt 0:00:12]} bxc6 {[%emt 0:00:03]} 13. Be3 {[%emt 0:00:04]} Ba6 {[%emt 0:00:04]} 14. Re1 {[%emt 0:00:04]} Rab8 {[%emt 0:00:21]} 15. Rc1 {[%emt 0:00:19]} Rfc8 {[%emt 0:00:09]} 16. Qd2 {[%emt 0:00:18]} Nf6 {[%emt 0:00:21]} 17. f3 {[%emt 0:00:22]} h6 {[%emt 0:00:48]} 18. dxe5 {[%emt 0:00:18]} Bxe3+ {[%emt 0:00:38]} 19. Qxe3 {[%emt 0:00:02]} Qxe5 {[%emt 0:00:11]} 20. b3 {[%emt 0:00:15]} Nd5 {[%emt 0:00:24]} 21. Qxa7 {[%emt 0:00:40]} Ra8 {[%emt 0:00:13]} 22. Qd4 {[%emt 0:00:34]} Qxd4+ {[%emt 0:01:15]} 23. Nxd4 {[%emt 0:00:01]} Nb4 {[%emt 0:00:01]} 24. Re3 {[%emt 0:00:25]} Nxa2 {[%emt 0:00:17]} 25. Rxc6 {[%emt 0:00:28]} Nb4 {[%emt 0:00:12]} 26. Rcc3 {[%emt 0:00:22]} g6 {[%emt 0:00:32]} 27. f4 {[%emt 0:00:02]} Bb7 {[%emt 0:00:04]} 28. Rxc8+ {[%emt 0:00:25]} Rxc8 {[%emt 0:00:04]} 29. Ne2 {[%emt 0:00:36]} Rc2 {[%emt 0:00:51]} 30. g4 {[%emt 0:00:30]} Ba6 {[%emt 0:00:07]} 31. Bf3 {[%emt 0:00:08]} Rb2 {[%emt 0:00:17]} 32. e5 {[%emt 0:00:10]} dxe5 {[%emt 0:00:16]} 33. fxe5 {[%emt 0:00:15]} Nc2 {[%emt 0:00:02]} 34. Rc3 {[%emt 0:01:15]} Ne1 {[%emt 0:00:35]} 35. Ng3 {[%emt 0:00:41]} Nxf3+ {[%emt 0:00:13]} 36. Rxf3 {[%emt 0:00:02]} Bb7 {[%emt 0:00:11]} 37. Rd3 {[%emt 0:00:23]} Rg2+ {[%emt 0:00:07]} 38. Kf1 {[%emt 0:00:01]} Rxh2 {[%emt 0:00:03]} 39. Rd8+ {[%emt 0:00:19]} Kg7 {[%emt 0:00:03]} 40. e6 {[%emt 0:00:01]} Kf6 {[%emt 0:00:34]} 41. exf7 {[%emt 0:00:03]} Ba6+ {[%emt 0:00:04]} 42. Kg1 {[%emt 0:00:01]} Kxf7 {[%emt 0:00:07]} 43. Kxh2 {[%emt 0:00:02] Sahinhandenur terk eder (Lag: Av=0.76s, max=1.0s)} 1-0

[Event "1st Online FIDE Cup for disabled players"]
[Site "T#646224FIDE"]
[Date "2020.05.21"]
[Round "2"]
[White "Economist1"]
[Black "BandaNimzo"]
[Result "1/2-1/2"]
[WhiteElo "1620"]
[BlackElo "1642"]
[Annotator "NA RC"]
[PlyCount "133"]
[EventDate "2020.05.21"]
[EventType "swiss (blitz)"]

1. e4 {[%emt 0:00:22]} c6 {[%emt 0:00:07]} 2. d4 {[%emt 0:00:06]} d5 {[%emt 0:00:04]} 3. Nc3 {[%emt 0:00:05]} dxe4 {[%emt 0:00:07]} 4. Nxe4 {[%emt 0:00:02]} Bf5 {[%emt 0:00:04]} 5. Ng3 {[%emt 0:00:03]} Bg6 {[%emt 0:00:05]} 6. h4 {[%emt 0:00:01]} h6 {[%emt 0:00:03]} 7. h5 {[%emt 0:00:04]} Bh7 {[%emt 0:00:03]} 8. Nf3 {[%emt 0:00:04]} Nd7 {[%emt 0:00:07]} 9. Bd3 {[%emt 0:00:04]} Bxd3 {[%emt 0:00:05]} 10. Qxd3 {[%emt 0:00:03]} e6 {[%emt 0:00:04]} 11. Bd2 {[%emt 0:00:03]} Ngf6 {[%emt 0:00:06]} 12. O-O-O {[%emt 0:00:03]} Qc7 {[%emt 0:00:04]} 13. Kb1 {[%emt 0:00:06]} O-O-O {[%emt 0:00:10]} 14. Ne4 {[%emt 0:00:17]} Nxe4 {[%emt 0:00:12]} 15. Qxe4 {[%emt 0:00:04]} Nf6 {[%emt 0:00:12]} 16. Qe2 {[%emt 0:00:10]} Bd6 {[%emt 0:00:19]} 17. g3 {[%emt 0:00:12]} Rhe8 {[%emt 0:00:19]} 18. Ne5 {[%emt 0:00:05]} Bxe5 {[%emt 0:00:18]} 19. dxe5 {[%emt 0:00:08]} Nd5 {[%emt 0:00:21]} 20. Rhe1 {[%emt 0:00:13]} Rd7 {[%emt 0:00:24]} 21. c4 {[%emt 0:00:11]} Nb6 {[%emt 0:00:22]} 22. Ba5 {[%emt 0:00:04]} c5 {[%emt 0:00:35]} 23. Rxd7 {[%emt 0:00:26]} Qxd7 {[%emt 0:00:21]} 24. Bxb6 {[%emt 0:00:11]} axb6 {[%emt 0:00:08]} 25. Rd1 {[%emt 0:00:02]} Qc7 {[%emt 0:00:14]} 26. Kc2 {[%emt 0:00:31]} Rd8 {[%emt 0:00:10]} 27. Rxd8+ {[%emt 0:00:37]} Qxd8 {[%emt 0:00:05]} 28. Qg4 {[%emt 0:00:06]} Qf8 {[%emt 0:00:40]} 29. Kc3 {[%emt 0:00:31]} f5 {[%emt 0:00:30]} 30. Qd1 {[%emt 0:00:48]} Qe7 {[%emt 0:00:40]} 31. f4 {[%emt 0:00:12]} Kc7 {[%emt 0:00:48]} 32. g4 {[%emt 0:00:25]} fxg4 {[%emt 0:00:24]} 33. Qxg4 {[%emt 0:00:06]} Qf7 {[%emt 0:00:06]} 34. a3 {[%emt 0:00:21]} Kb8 {[%emt 0:00:23]} 35. b4 {[%emt 0:00:18]} Ka7 {[%emt 0:00:23]} 36. a4 {[%emt 0:00:46]} Kb8 {[%emt 0:00:24]} 37. Kb3 {[%emt 0:00:34]} Ka7 {[%emt 0:00:12]} 38. a5 {[%emt 0:00:44]} cxb4 {[%emt 0:00:31]} 39. axb6+ {[%emt 0:00:07]} Kxb6 {[%emt 0:00:16]} 40. Qg1+ {[%emt 0:00:16]} Kc6 {[%emt 0:00:16]} 41. Kxb4 {[%emt 0:00:11]} Qxf4 {[%emt 0:01:02]} 42. Qc5+ {[%emt 0:00:09]} Kd7 {[%emt 0:00:09]} 43. Qd6+ {[%emt 0:00:06]} Kc8 {[%emt 0:00:04]} 44. Qxe6+ {[%emt 0:00:04]} Kb8 {[%emt 0:00:04]} 45. Qg8+ {[%emt 0:00:14]} Ka7 {[%emt 0:00:07]} 46. Qxg7 {[%emt 0:00:02]} Qd2+ {[%emt 0:00:09]} 47. Kb5 {[%emt 0:00:18]} Qb2+ {[%emt 0:00:24]} 48. Kc5 {[%emt 0:00:06]} Qb6+ {[%emt 0:00:20]} 49. Kd5 {[%emt 0:00:06]} Qc6+ {[%emt 0:00:06]} 50. Kd4 {[%emt 0:00:06]} Qb6+ {[%emt 0:00:05]} 51. c5 {[%emt 0:00:05]} Qb4+ {[%emt 0:00:05]} 52. Kd5 {[%emt 0:00:07]} Qb3+ {[%emt 0:00:03]} 53. Kd6 {[%emt 0:00:06]} Qd3+ {[%emt 0:00:07]} 54. Ke7 {[%emt 0:00:14]} Qe3 {[%emt 0:00:10]} 55. Kf7 {[%emt 0:00:31]} Qxc5 {[%emt 0:00:10]} 56. e6 {[%emt 0:00:02]} Qxh5+ {[%emt 0:00:07]} 57. Kg8 {[%emt 0:00:08]} Qe8+ {[%emt 0:00:10]} 58. Kh7 {[%emt 0:00:08]} Qxe6 {[%emt 0:00:04]} 59. Qa1+ {[%emt 0:00:10]} Kb8 {[%emt 0:00:04]} 60. Qh8+ {[%emt 0:00:15]} Kc7 {[%emt 0:00:05]} 61. Qc3+ {[%emt 0:00:04]} Kd7 {[%emt 0:00:05]} 62. Qd3+ {[%emt 0:00:10]} Ke7 {[%emt 0:00:05]} 63. Qa3+ {[%emt 0:00:06]} Kf6 {[%emt 0:00:05]} 64. Qb2+ {[%emt 0:00:14]} Kf7 {[%emt 0:00:16]} 65. Qxb7+ {[%emt 0:00:06]} Qe7 {[%emt 0:00:03]} 66. Qxe7+ {[%emt 0:00:05]} Kxe7 {[%emt 0:00:02]} 67. Kxh6 {[%emt 0:00:01] (Lag: Av=0.67s, max=1.1s)} 1/2-1/2

[Event "1st Online FIDE Cup for disabled players"]
[Site "T#646224FIDE"]
[Date "2020.05.21"]
[Round "2"]
[White "Guannan_Song"]
[Black "Thuyttb80"]
[Result "1-0"]
[WhiteElo "1620"]
[BlackElo "1485"]
[Annotator "NA"]
[PlyCount "53"]
[EventDate "2020.05.21"]
[EventType "swiss (blitz)"]

1. e4 {[%emt 0:00:03]} c5 {[%emt 0:00:04]} 2. Nc3 {[%emt 0:00:03]} Nc6 {[%emt 0:00:01]} 3. f4 {[%emt 0:00:04]} d6 {[%emt 0:00:10]} 4. Nf3 {[%emt 0:00:05]} Nf6 {[%emt 0:00:02]} 5. Bb5 {[%emt 0:00:03]} Bd7 {[%emt 0:00:06]} 6. O-O {[%emt 0:00:03]} a6 {[%emt 0:00:14]} 7. Bxc6 {[%emt 0:00:02]} Bxc6 {[%emt 0:00:02]} 8. d3 {[%emt 0:00:01]} g6 {[%emt 0:00:02]} 9. Qe1 {[%emt 0:00:02]} Bg7 {[%emt 0:00:27]} 10. Kh1 {[%emt 0:00:08]} O-O {[%emt 0:00:03]} 11. Qh4 {[%emt 0:00:03]} Nd7 {[%emt 0:00:23]} 12. f5 {[%emt 0:00:15]} e6 {[%emt 0:00:25]} 13. Qh3 {[%emt 0:00:18]} exf5 {[%emt 0:00:42]} 14. Bh6 {[%emt 0:00:29]} fxe4 {[%emt 0:00:51]} 15. Ng5 {[%emt 0:00:10]} exd3 {[%emt 0:01:09]} 16. cxd3 {[%emt 0:01:36]} f6 {[%emt 0:00:35]} 17. Ne6 {[%emt 0:00:45]} Qe7 {[%emt 0:01:17]} 18. Nxg7 {[%emt 0:00:57]} Ne5 {[%emt 0:01:05]} 19. Rae1 {[%emt 0:01:15]} Rf7 {[%emt 0:00:11]} 20. Ne4 {[%emt 0:00:57]} Bxe4 {[%emt 0:00:18]} 21. Rxe4 {[%emt 0:00:03]} Rxg7 {[%emt 0:00:02]} 22. Bxg7 {[%emt 0:00:03]} Qxg7 {[%emt 0:00:01]} 23. Qe6+ {[%emt 0:00:03]} Qf7 {[%emt 0:01:05]} 24. Qxd6 {[%emt 0:00:11]} Qxa2 {[%emt 0:01:15]} 25. Qxf6 {[%emt 0:00:18]} Nxd3 {[%emt 0:00:26]} 26. Re7 {[%emt 0:00:12]} Qxb2 {[%emt 0:00:39]} 27. Qf7+ {[%emt 0:00:03] Thuyttb80 resigns (Lag: Av=1.28s, max=2.6s)} 1-0

[Event "1st Online FIDE Cup for disabled players"]
[Site "T#646224FIDE"]
[Date "2020.05.21"]
[Round "2"]
[White "Lipilin_Ilia2002"]
[Black "Jeni64"]
[Result "1-0"]
[WhiteElo "1620"]
[BlackElo "1733"]
[Annotator "NA RC"]
[PlyCount "113"]
[EventDate "2020.05.21"]
[EventType "swiss (blitz)"]

1. f4 {[%emt 0:00:04]} d5 {[%emt 0:00:03]} 2. Nf3 {[%emt 0:00:03]} g6 {[%emt 0:00:01]} 3. g3 {[%emt 0:00:03]} Bg7 {[%emt 0:00:01]} 4. Bg2 {[%emt 0:00:01]} c5 {[%emt 0:00:02]} 5. d3 {[%emt 0:00:01]} Nf6 {[%emt 0:00:04]} 6. c3 {[%emt 0:00:03]} Nc6 {[%emt 0:00:03]} 7. O-O {[%emt 0:00:10]} O-O {[%emt 0:00:02]} 8. Qc2 {[%emt 0:00:03]} Qc7 {[%emt 0:00:38]} 9. e4 {[%emt 0:00:05]} dxe4 {[%emt 0:00:03]} 10. dxe4 {[%emt 0:00:02]} e5 {[%emt 0:00:42]} 11. Kh1 {[%emt 0:00:10]} b6 {[%emt 0:01:51]} 12. Na3 {[%emt 0:01:03]} Ba6 {[%emt 0:00:19]} 13. Rd1 {[%emt 0:00:12]} Rad8 {[%emt 0:00:12]} 14. Be3 {[%emt 0:00:07]} Ng4 {[%emt 0:00:24]} 15. Rxd8 {[%emt 0:00:38]} Rxd8 {[%emt 0:00:04]} 16. Qc1 {[%emt 0:00:03]} Bd3 {[%emt 0:00:39]} 17. Ne1 {[%emt 0:00:12]} Qe7 {[%emt 0:00:58]} 18. Bg1 {[%emt 0:00:20]} Ba6 {[%emt 0:00:55]} 19. h3 {[%emt 0:00:54]} Nf6 {[%emt 0:00:04]} 20. Qe3 {[%emt 0:00:05]} Ne8 {[%emt 0:01:08]} 21. f5 {[%emt 0:00:28]} Nd6 {[%emt 0:00:35]} 22. g4 {[%emt 0:00:10]} Nc4 {[%emt 0:00:12]} 23. Nxc4 {[%emt 0:00:33]} Bxc4 {[%emt 0:00:02]} 24. b3 {[%emt 0:01:07]} Ba6 {[%emt 0:00:10]} 25. g5 {[%emt 0:00:24]} f6 {[%emt 0:00:06]} 26. fxg6 {[%emt 0:00:37]} hxg6 {[%emt 0:00:03]} 27. gxf6 {[%emt 0:00:03]} Bxf6 {[%emt 0:00:11]} 28. Qh6 {[%emt 0:00:16]} Qg7 {[%emt 0:00:14]} 29. Qxg7+ {[%emt 0:00:09]} Kxg7 {[%emt 0:00:01]} 30. Bf3 {[%emt 0:00:16]} Rd6 {[%emt 0:00:18]} 31. Rd1 {[%emt 0:00:06]} Rxd1 {[%emt 0:00:04]} 32. Bxd1 {[%emt 0:00:03]} Nd8 {[%emt 0:00:05]} 33. Bg4 {[%emt 0:00:03]} Bb7 {[%emt 0:00:06]} 34. Bf3 {[%emt 0:00:07]} Ne6 {[%emt 0:00:01]} 35. Be3 {[%emt 0:00:03]} Ng5 {[%emt 0:00:05]} 36. Bxg5 {[%emt 0:00:06]} Bxg5 {[%emt 0:00:01]} 37. Nd3 {[%emt 0:00:02]} Kf6 {[%emt 0:00:04]} 38. Kg2 {[%emt 0:00:06]} Bd2 {[%emt 0:00:11]} 39. c4 {[%emt 0:00:03]} Bc8 {[%emt 0:00:08]} 40. Bg4 {[%emt 0:00:06]} Bb7 {[%emt 0:00:46]} 41. Kf3 {[%emt 0:00:04]} Bc3 {[%emt 0:00:04]} 42. h4 {[%emt 0:00:40]} Bc6 {[%emt 0:00:06]} 43. Bc8 {[%emt 0:00:09]} Bd4 {[%emt 0:00:07]} 44. Nc1 {[%emt 0:00:41]} g5 {[%emt 0:00:32]} 45. h5 {[%emt 0:00:20]} Be8 {[%emt 0:00:02]} 46. Bg4 {[%emt 0:00:08]} Kg7 {[%emt 0:00:02]} 47. Ne2 {[%emt 0:00:04]} Kh6 {[%emt 0:00:02]} 48. Ng3 {[%emt 0:00:03]} Kh7 {[%emt 0:00:22]} 49. Nf5 {[%emt 0:00:04]} Bc6 {[%emt 0:00:37]} 50. Nd6 {[%emt 0:00:18]} a6 {[%emt 0:00:19]} 51. Bc8 {[%emt 0:00:16]} a5 {[%emt 0:00:02]} 52. Kg4 {[%emt 0:00:21]} Be3 {[%emt 0:00:01]} 53. Bf5+ {[%emt 0:00:16]} Kg7 {[%emt 0:00:04]} 54. a4 {[%emt 0:00:07]} Bf4 {[%emt 0:00:05]} 55. Nc8 {[%emt 0:00:07] Jeni64 reconnected.} Bd2 {[%emt 0:00:06]} 56. Nxb6 {[%emt 0:00:36]} Bb4 {[%emt 0:00:10]} 57. Kxg5 {[%emt 0:00:12] Jeni64 resigns (Lag: Av=1.17s, max=26.5s)} 1-0

[Event "1st Online FIDE Cup for disabled players"]
[Site "T#646224FIDE"]
[Date "2020.05.21"]
[Round "2"]
[White "LongGong"]
[Black "Acsgabor"]
[Result "0-1"]
[WhiteElo "1620"]
[BlackElo "1527"]
[Annotator "NA RC"]
[PlyCount "20"]
[EventDate "2020.05.21"]
[EventType "swiss (blitz)"]

1. e4 {[%emt 0:00:04]} e5 {[%emt 0:00:04]} 2. Nf3 {[%emt 0:00:03]} Nc6 {[%emt 0:00:03]} 3. Nc3 {[%emt 0:00:02]} Nf6 {[%emt 0:00:03]} 4. d4 {[%emt 0:00:09]} exd4 {[%emt 0:00:02]} 5. Nxd4 {[%emt 0:00:02]} Bc5 {[%emt 0:00:02]} 6. Be3 {[%emt 0:00:37]} Bb6 {[%emt 0:00:07]} 7. Bc4 {[%emt 0:00:35]} O-O {[%emt 0:00:46]} 8. O-O {[%emt 0:00:39]} Ne5 {[%emt 0:00:03]} 9. h3 {[%emt 0:00:15]} Nxc4 {[%emt 0:00:05]} 10. f4 {[%emt 0:01:09]} Nxe3 {[%emt 0:00:06] LongGong resigns (Lag: Av=0.59s, max=1.1s)} 0-1

[Event "1st Online FIDE Cup for disabled players"]
[Site "T#646224FIDE"]
[Date "2020.05.21"]
[Round "2"]
[White "Marcin Tazbir"]
[Black "Chicken16411"]
[Result "1-0"]
[WhiteElo "1620"]
[BlackElo "2174"]
[Annotator "NA RC"]
[PlyCount "65"]
[EventDate "2020.05.21"]
[EventType "swiss (blitz)"]

1. c4 {[%emt 0:00:08]} Nf6 {[%emt 0:00:02]} 2. g3 {[%emt 0:00:03]} g6 {[%emt 0:00:02]} 3. Bg2 {[%emt 0:00:01]} Bg7 {[%emt 0:00:01]} 4. Nc3 {[%emt 0:00:00]} O-O {[%emt 0:00:02]} 5. d3 {[%emt 0:00:03]} d6 {[%emt 0:00:02]} 6. Rb1 {[%emt 0:00:02]} a5 {[%emt 0:00:06]} 7. a3 {[%emt 0:00:01]} e5 {[%emt 0:00:11]} 8. e3 {[%emt 0:00:05]} Nc6 {[%emt 0:00:09]} 9. Nge2 {[%emt 0:00:02]} Be6 {[%emt 0:00:08]} 10. Nd5 {[%emt 0:00:01]} Ne8 {[%emt 0:00:19]} 11. O-O {[%emt 0:00:02]} Qd7 {[%emt 0:00:04]} 12. b4 {[%emt 0:00:05]} axb4 {[%emt 0:00:02]} 13. axb4 {[%emt 0:00:01]} Bh3 {[%emt 0:00:16]} 14. b5 {[%emt 0:00:05]} Bxg2 {[%emt 0:00:09]} 15. Kxg2 {[%emt 0:00:02]} Nd8 {[%emt 0:00:02]} 16. e4 {[%emt 0:00:02]} f5 {[%emt 0:00:14]} 17. f3 {[%emt 0:00:07]} Ne6 {[%emt 0:00:07]} 18. Be3 {[%emt 0:00:01]} Nf6 {[%emt 0:00:28]} 19. Qd2 {[%emt 0:00:13]} Nh5 {[%emt 0:00:23]} 20. h3 {[%emt 0:00:24]} Nxg3 {[%emt 0:00:17]} 21. Nxg3 {[%emt 0:00:14]} f4 {[%emt 0:00:02]} 22. Bf2 {[%emt 0:00:10]} fxg3 {[%emt 0:00:05]} 23. Bxg3 {[%emt 0:00:02]} Qf7 {[%emt 0:00:12]} 24. f4 {[%emt 0:00:12]} Bh6 {[%emt 0:00:07]} 25. Qe2 {[%emt 0:00:51]} exf4 {[%emt 0:00:07]} 26. Qg4 {[%emt 0:00:02]} Ra2+ {[%emt 0:00:12]} 27. Kh1 {[%emt 0:00:03]} f3 {[%emt 0:00:22]} 28. e5 {[%emt 0:00:18]} dxe5 {[%emt 0:00:10]} 29. Bxe5 {[%emt 0:00:03]} Bg7 {[%emt 0:00:29]} 30. Bxg7 {[%emt 0:00:21]} Kxg7 {[%emt 0:00:04]} 31. Rbe1 {[%emt 0:00:02]} Re8 {[%emt 0:01:54]} 32. Rxf3 {[%emt 0:00:18]} Qd7 {[%emt 0:00:04]} 33. Nf6 {[%emt 0:00:48] Chicken16411 resigns (Lag: Av=0.57s, max=0.8s)} 1-0

[Event "1st Online FIDE Cup for disabled players"]
[Site "T#646224FIDE"]
[Date "2020.05.21"]
[Round "2"]
[White "Matthias Dorner"]
[Black "Shahpalangov"]
[Result "1/2-1/2"]
[WhiteElo "1620"]
[BlackElo "1747"]
[Annotator "NA RC"]
[PlyCount "120"]
[EventDate "2020.05.21"]
[EventType "swiss (blitz)"]

1. d4 {[%emt 0:00:03]} d5 {[%emt 0:00:04]} 2. c3 {[%emt 0:00:01]} Nf6 {[%emt 0:00:10]} 3. Bf4 {[%emt 0:00:02]} e6 {[%emt 0:00:02]} 4. e3 {[%emt 0:00:02]} Nbd7 {[%emt 0:00:03]} 5. Nd2 {[%emt 0:00:03]} a6 {[%emt 0:00:08]} 6. Bd3 {[%emt 0:00:03]} Be7 {[%emt 0:00:06]} 7. h3 {[%emt 0:00:11]} Bd6 {[%emt 0:00:06]} 8. Bxd6 {[%emt 0:00:06]} cxd6 {[%emt 0:00:02]} 9. Ngf3 {[%emt 0:00:03]} O-O {[%emt 0:00:06]} 10. O-O {[%emt 0:00:02]} e5 {[%emt 0:00:05]} 11. e4 {[%emt 0:00:02]} dxe4 {[%emt 0:00:09]} 12. Nxe4 {[%emt 0:00:04]} Nxe4 {[%emt 0:00:06]} 13. Bxe4 {[%emt 0:00:01]} Nf6 {[%emt 0:00:01]} 14. Bc2 {[%emt 0:00:02]} e4 {[%emt 0:00:05]} 15. Nd2 {[%emt 0:00:03]} d5 {[%emt 0:00:02]} 16. Qe2 {[%emt 0:00:07]} Re8 {[%emt 0:00:04]} 17. Rfe1 {[%emt 0:00:07]} Bd7 {[%emt 0:00:09]} 18. Nf1 {[%emt 0:00:02]} Qb6 {[%emt 0:00:08]} 19. Rab1 {[%emt 0:00:04]} Bb5 {[%emt 0:00:07]} 20. Qd2 {[%emt 0:00:01]} Bxf1 {[%emt 0:00:03]} 21. Rxf1 {[%emt 0:00:02]} Rac8 {[%emt 0:00:03]} 22. Rfe1 {[%emt 0:00:04]} h6 {[%emt 0:00:20]} 23. Re3 {[%emt 0:00:13]} Nh5 {[%emt 0:00:18]} 24. Bb3 {[%emt 0:00:31]} Red8 {[%emt 0:00:24]} 25. Qe2 {[%emt 0:00:37]} Qg6 {[%emt 0:00:12]} 26. Qg4 {[%emt 0:00:12]} Qxg4 {[%emt 0:00:26]} 27. hxg4 {[%emt 0:00:03]} Nf6 {[%emt 0:00:02]} 28. f3 {[%emt 0:00:01]} Re8 {[%emt 0:02:45]} 29. Rbe1 {[%emt 0:00:05]} Kf8 {[%emt 0:00:12]} 30. Kf2 {[%emt 0:00:03]} exf3 {[%emt 0:00:07]} 31. Rxe8+ {[%emt 0:00:03]} Rxe8 {[%emt 0:00:01]} 32. Rxe8+ {[%emt 0:00:02]} Kxe8 {[%emt 0:00:01]} 33. gxf3 {[%emt 0:00:01]} Kd7 {[%emt 0:00:02]} 34. Kg3 {[%emt 0:00:02]} Kd6 {[%emt 0:00:02]} 35. Bc2 {[%emt 0:00:02]} g6 {[%emt 0:00:08]} 36. Kf2 {[%emt 0:00:15]} h5 {[%emt 0:00:53]} 37. gxh5 {[%emt 0:00:16]} Nxh5 {[%emt 0:00:02]} 38. Ke3 {[%emt 0:00:04]} f5 {[%emt 0:00:10]} 39. Bd3 {[%emt 0:00:11]} Ng7 {[%emt 0:00:44]} 40. b3 {[%emt 0:00:22]} b5 {[%emt 0:00:09]} 41. c4 {[%emt 0:00:04]} bxc4 {[%emt 0:00:05]} 42. bxc4 {[%emt 0:00:01]} dxc4 {[%emt 0:00:03]} 43. Bxc4 {[%emt 0:00:01]} a5 {[%emt 0:00:01]} 44. Kf4 {[%emt 0:00:09] Shahpalangov Ïðåäëàãàåò íèü} Ke7 {[%emt 0:04:08]} 45. Kg5 {[%emt 0:00:05]} Ne8 {[%emt 0:00:02]} 46. Kxg6 {[%emt 0:00:08]} Nd6 {[%emt 0:00:01]} 47. Bd3 {[%emt 0:00:03]} Ke6 {[%emt 0:00:02]} 48. Kg5 {[%emt 0:00:04]} a4 {[%emt 0:00:16]} 49. a3 {[%emt 0:00:23]} Kd5 {[%emt 0:00:06]} 50. Bc2 {[%emt 0:00:12]} Nc4 {[%emt 0:00:04]} 51. Bxa4 {[%emt 0:00:16]} Nxa3 {[%emt 0:00:02]} 52. Kxf5 {[%emt 0:00:02]} Kxd4 {[%emt 0:00:02]} 53. Kg5 {[%emt 0:00:07]} Nc4 {[%emt 0:00:03]} 54. f4 {[%emt 0:00:07]} Nd6 {[%emt 0:00:01] Shahpalangov Ïðåäëàãàåò íèü} 55. Bc6 {[%emt 0:00:07]} Kc5 {[%emt 0:00:03]} 56. Bf3 {[%emt 0:00:04]} Kd4 {[%emt 0:00:01]} 57. Bc6 {[%emt 0:00:14]} Kc5 {[%emt 0:00:02]} 58. Bd7 {[%emt 0:00:02]} Kd4 {[%emt 0:00:01]} 59. Bf5 {[%emt 0:00:13]} Ke3 {[%emt 0:00:04]} 60. Be6 {[%emt 0:00:04]} Kd4 {[%emt 0:00:01] Matthias Dorner bietet Remis (Lag: Av=0.39s, max=0.8s)} 1/2-1/2